LEADER 01532nas 2200433 c 450 001 9910892279903321 005 20260218111216.0 035 $a(DE-599)ZDB3059096-6 035 $a(OCoLC)1245681044 035 $a(DE-101)1230495002 035 $a(CKB)5590000000443106 035 $a(DE-599)3059118-1 035 $a(EXLCZ)995590000000443106 100 $a20210331b20152018 |y | 101 0 $arus 135 $aur||||||||||| 181 $ctxt$2rdacontent 182 $cc$2rdamedia 183 $acr$2rdacarrier 200 00$aVestnik RGGU$enauc?nyj z?urnal$h[...]$iSerija "Istorija. Filologija. Kul?turologija. Vostokovedenie" = Series: History. Philology. Cultural studies. Oriental studies$fRossijskij gosudarstvennyj gumanitarnyj universitet = RSUH/RGGU bulletin : academic journal / Russian State University for the Humanities 210 31$aMoskva$cRossijskij gosudarstvennyj gumanitarnyj universitet$d2015-2018 215 $aOnline-Ressource 300 $aEinzelne Ba?nde zugleich Ba?nde von: Moskovskij lingvistic?eskij z?urnal 300 $aErscheint monatlich, 2015 9 x ja?hrlich 311 08$a2686-7249 517 1 $aZ?urnal "Vestnik RGGU" 608 $aZeitschrift$2gnd-content 676 $a400 676 $a950 676 $a200 676 $a891.8 712 02$aRossijskij gosudarstvennyj gumanitarnyj universitet$4isb 801 0$b0012 801 1$bDE-101 801 2$b9999 906 $aJOURNAL 912 $a9910892279903321 996 $aVestnik RGGU$94237783 997 $aUNINA